Sports Quiz

Random Sports or Baseball Quiz

MLB: Third Basemen With 2,000+ Career Hits Quiz Stats

 Plays Quiz Updated Jul 5, 2018

Challenge
Share
Tweet
Embed
Score 0/27 Timer 08:00
4 Plays Today
Hits Player % Correct
3,154*George Brett
93.9%
2,726*Chipper Jones
89.2%
3,108Adrian Beltre
86%
3,010*Wade Boggs
83.1%
2,848*Brooks Robinson
83%
2,234*Mike Schmidt
78.5%
2,254*Ron Santo
56.9%
2,077Scott Rolen
47.9%
2,303Aramis Ramirez
44.9%
2,315*Eddie Mathews
39%
2,225Graig Nettles
34%
2,514Buddy Bell
30.7%
2,280Gary Gaetti
30.3%
2,085Tim Wallach
29.4%
Hits Player % Correct
2,416*Pie Traynor
25.3%
2,223Darrell Evans
24.9%
2,074Carney Lansford
24.1%
2,008Bill Madlock
21.6%
2,143Ken Boyer
19.5%
2,010Bobby Bonilla
19.2%
2,004Todd Zeile
16.9%
2,054*George Kell
13.4%
2,193Stan Hack
8%
2,067Deacon White
7.3%
2,651Lave Cross
3.9%
2,256Jimmy Dykes
3.9%
2,061Bob Elliott
3.4%

You're not logged in!

Compare scores with friends on all Sporcle quizzes.
Join for Free
OR
Log In

You Might Also Like...

Show Comments

Extras

Top Quizzes Today


Score Distribution

Your Account Isn't Verified!

In order to create a playlist on Sporcle, you need to verify the email address you used during registration. Go to your Sporcle Settings to finish the process.

Report this User

Report this user for behavior that violates our Community Guidelines.

Details: